[Event "2. Bundesliga West 2010/11"]
[Site "Absam"]
[Date "2010.11.26"]
[Round "4"]
[Board "5"]
[White "Heinrich, Thomas"]
[Black "Hamberger, Hermann"]
[Result "1/2-1/2"]
[WhiteElo "2137"]
[BlackElo "2123"]
[PlyCount "46"]
[EventDate "2010.10.15"]
[EventType "team"]
[EventRounds "11"]
[EventCountry "AUT"]
[WhiteTeam "Sparkasse Jenbach 2"]
[BlackTeam "Mozart 1910"]

1.d4 Nf6 2.c4 c5 3.d5 e6 4.Nc3 exd5 5.cxd5 Bd6 6.Nf3 Bc7 7.Bg5 d6 8.h3 h6 9.Bh4
a6 10.a4 Nbd7 11.e4 O-O 12.Bd3 Re8 13.O-O Nf8 14.Re1 Ng6 15.Bg3 Nh5 16.Bh2 Nhf4
17.Ne2 Qf6 18.Nxf4 Nxf4 19.Bxf4 Qxf4 20.Qd2 Qf6 21.Qc3 Qf4 22.Qd2 Qf6 23.Qc3 Qf4
1/2-1/2

[Event "2. Bundesliga West 2010/11"]
[Site "Absam"]
[Date "2010.11.26"]
[Round "4"]
[Board "6"]
[White "Peterwagner, Heinz"]
[Black "Schnegg, Anna-Lena"]
[Result "1/2-1/2"]
[WhiteElo "2156"]
[BlackElo "1893"]
[PlyCount "82"]
[EventDate "2010.10.15"]
[EventType "team"]
[EventRounds "11"]
[EventCountry "AUT"]
[WhiteTeam "Mozart 1910"]
[BlackTeam "Sparkasse Jenbach 2"]

1.e4 c5 2.Nc3 Nc6 3.g3 g6 4.Bg2 Bg7 5.Nge2 b6 6.O-O Bb7 7.d3 d6 8.Be3 Qd7 9.Qd2
e6 10.f4 Nge7 11.d4 cxd4 12.Nxd4 O-O 13.Rad1 Rfd8 14.Bh3 Nxd4 15.Bxd4 Bxd4+
16.Qxd4 d5 17.f5 exf5 18.exf5 Nxf5 19.Bxf5 gxf5 20.Qf6 Qd6 21.Qg5+ Qg6 22.Rxf5
Qxg5 23.Rxg5+ Kf8 24.Nb5 a6 25.Nd4 Rac8 26.Rf5 Kg7 27.Rdf1 Rd7 28.R1f4 Re8
29.Rg5+ Kf8 30.c3 Re4 31.Rf6 Re1+ 32.Rf1 Rxf1+ 33.Kxf1 Rd6 34.Rh5 Rf6+ 35.Ke2
Kg7 36.g4 Bc8 37.h3 Be6 38.Re5 Rh6 39.Re3 Kf8 40.Kf2 Rf6+ 41.Kg2 Ke7 1/2-1/2

[Event "2. Bundesliga West 2010/11"]
[Site "Absam"]
[Date "2010.11.27"]
[Round "5"]
[Board "1"]
[White "Dizdar, Goran"]
[Black "Hommeles, Theo"]
[Result "1/2-1/2"]
[WhiteElo "2555"]
[BlackElo "2426"]
[PlyCount "148"]
[EventDate "2010.10.15"]
[EventType "team"]
[EventRounds "11"]
[EventCountry "AUT"]
[WhiteTeam "SC Absam"]
[BlackTeam "Bregenz"]

1.c4 e5 2.Nc3 Nf6 3.Nf3 Nc6 4.d4 exd4 5.Nxd4 Bc5 6.Nxc6 dxc6 7.Qxd8+ Kxd8 8.Bd2
Be6 9.e3 Kd7 10.Be2 Rad8 11.O-O Kc8 12.Rfd1 Rd7 13.Be1 Rhd8 14.Rxd7 Rxd7 15.h3
a6 16.Rc1 Rd8 17.Kf1 g6 18.Rc2 Bf5 19.Rd2 Re8 20.Rd1 Bc2 21.Rd2 Bf5 22.b3 h5
23.Bd3 Ne4 24.Bxe4 Bxe4 25.Nxe4 Rxe4 26.Ke2 a5 27.Rd3 b6 28.f3 Re6 29.Bh4 g5
30.Be1 f5 31.Bc3 Bd6 32.Rd1 Bf4 33.Bd2 Bg3 34.Kd3 Rd6+ 35.Ke2 Re6 36.Rc1 c5
37.Rc3 c6 38.Rd3 Kc7 39.Bc3 Kc8 40.a4 Kc7 41.Bd2 Re8 42.Bc3 Re6 43.Bb2 Kc8
44.Bc1 Kc7 45.Kd1 Bd6 46.Bd2 Re7 47.Be1 Be5 48.Ke2 Bd6 49.Bf2 Re6 50.Rd1 Re8
51.Kd3 Rd8 52.Ke2 Re8 53.g3 Re6 54.Rh1 Be7 55.g4 fxg4 56.fxg4 h4 57.Be1 Rf6
58.Bc3 Rf7 59.Rd1 Bd6 60.e4 Re7 61.Rf1 Bf4 62.Kd3 Kd7 63.Bf6 Rh7 64.Ke2 Ke6
65.e5 b5 66.Rd1 Bxe5 67.Bxg5 Bg3 68.Bd2 bxa4 69.bxa4 Rb7 70.Ra1 Bc7 71.Ra3 Rb2
72.Re3+ Kf7 73.Rd3 Bg3 74.Kf3 Ra2 1/2-1/2

[Event "2. Bundesliga West 2010/11"]
[Site "Absam"]
[Date "2010.11.27"]
[Round "5"]
[Board "2"]
[White "Weindl, Alfred"]
[Black "Schmittdiel, Eckhard"]
[Result "1/2-1/2"]
[WhiteElo "2374"]
[BlackElo "2485"]
[PlyCount "124"]
[EventDate "2010.10.15"]
[EventType "team"]
[EventRounds "11"]
[EventCountry "AUT"]
[WhiteTeam "Bregenz"]
[BlackTeam "SC Absam"]

1.d4 Nf6 2.Nf3 e6 3.e3 b6 4.Bd3 Bb7 5.Nbd2 c5 6.O-O d6 7.Qe2 Be7 8.b3 O-O 9.Bb2
Nc6 10.a3 Qc7 11.c4 Rfe8 12.Rac1 Rac8 13.Bb1 cxd4 14.exd4 e5 15.d5 Nb8 16.Ng5
Nbd7 17.Rc3 Bf8 18.Rh3 g6 19.Qf3 Re7 20.Nde4 Bg7 21.Qg3 Rce8 22.Bc1 Bc8 23.Rh4
Nxe4 24.Nxe4 f5 25.Nc3 Nf6 26.Bg5 Rf7 27.Re1 Bd7 28.a4 a6 29.Qe3 Ng4 30.Qd2 h6
31.Rxg4 fxg4 32.Bxh6 Bf5 33.Ne4 Qe7 34.Bg5 Qf8 35.Re2 Rc8 36.Bd3 Rfc7 37.g3 b5
38.cxb5 axb5 39.axb5 Bd7 40.b6 Rc1+ 41.Qxc1 Rxc1+ 42.Bxc1 Bc8 43.Rc2 Bb7 44.Ng5
e4 45.Bxe4 Bd4 46.Bxg6 Bxd5 47.Bf5 Bxb6 48.Rd2 Qe7 49.Kf1 Bxb3 50.Bh7+ Kg7
51.Bd3 d5 52.Re2 Qb4 53.Re6 Bc5 54.Bb2+ Kf8 55.Nh7+ Kg8 56.Rg6+ Kf7 57.Ng5+ Ke8
58.Rg8+ Kd7 59.Rg7+ Kc6 60.Rg6+ Kb7 61.Rg7+ Kb6 62.Rg6+ Kb7 1/2-1/2

[Event "2. Bundesliga West 2010/11"]
[Site "Absam"]
[Date "2010.11.27"]
[Round "5"]
[Board "3"]
[White "Wegerle, Joerg"]
[Black "Dobosz, Henryk"]
[Result "1/2-1/2"]
[WhiteElo "2472"]
[BlackElo "2407"]
[PlyCount "64"]
[EventDate "2010.10.15"]
[EventType "team"]
[EventRounds "11"]
[EventCountry "AUT"]
[WhiteTeam "SC Absam"]
[BlackTeam "Bregenz"]

1.c4 c6 2.g3 d5 3.Bg2 Nf6 4.Nf3 g6 5.b3 Bg7 6.Bb2 O-O 7.O-O b6 8.Qc2 Bb7 9.d3
Nbd7 10.Nbd2 e6 11.Rfe1 Rc8 12.e4 Qc7 13.h3 Rfd8 14.exd5 cxd5 15.Rac1 Qb8 16.Ne5
dxc4 17.dxc4 Bxg2 18.Kxg2 Qb7+ 19.Ndf3 Nxe5 20.Bxe5 Rd7 21.Rcd1 Rcd8 22.Rxd7
Rxd7 23.Rd1 Qc6 24.Bxf6 Bxf6 25.Rxd7 Qxd7 26.Qe4 Kg7 27.g4 h6 28.h4 Qe7 29.Kg3
Qd6+ 30.Kg2 Qe7 31.Kg3 Qd6+ 32.Kg2 Qe7 1/2-1/2

[Event "2. Bundesliga West 2010/11"]
[Site "Absam"]
[Date "2010.11.27"]
[Round "5"]
[Board "4"]
[White "Poettinger, Harald"]
[Black "Pilz, Dieter"]
[Result "1/2-1/2"]
[WhiteElo "2202"]
[BlackElo "2323"]
[PlyCount "126"]
[EventDate "2010.10.15"]
[EventType "team"]
[EventRounds "11"]
[EventCountry "AUT"]
[WhiteTeam "Bregenz"]
[BlackTeam "SC Absam"]

1.c4 e5 2.g3 Nf6 3.Bg2 Nc6 4.Nc3 Bc5 5.e3 O-O 6.Nge2 d6 7.d4 Bb6 8.O-O h6 9.h3
Re8 10.d5 Ne7 11.e4 a6 12.Qd3 Ng6 13.Kh2 c6 14.dxc6 bxc6 15.b3 Bb7 16.Ba3 Bc7
17.Rad1 Qc8 18.c5 d5 19.exd5 e4 20.Nxe4 Nxd5 21.N4c3 a5 22.Rfe1 Ne5 23.Qd2 Qf5
24.Nd4 Qh5 25.Nxd5 cxd5 26.Qe2 Qg6 27.Qc2 Qf6 28.Bb2 Rad8 29.f4 Ng6 30.Nb5 Qc6
31.Nxc7 Qxc7 32.Qf2 Rxe1 33.Rxe1 Nf8 34.Qd4 Ne6 35.Qe5 Qxe5 36.Bxe5 Nxc5 37.Rd1
Rc8 38.Rc1 f6 39.Bd4 Ne4 40.Rxc8+ Bxc8 41.Bb6 a4 42.bxa4 Kf7 43.Bd4 Ba6 44.f5
Ke7 45.Bxe4 dxe4 46.Bc5+ Kf7 47.g4 h5 48.Kg3 hxg4 49.hxg4 g6 50.Kf4 Bb7 51.a5
gxf5 52.gxf5 Ke8 53.Bd4 Kd7 54.Bxf6 Bd5 55.Bd4 Kc8 56.a6 Kb8 57.a3 Ka8 58.Ke5
Bc4 59.f6 e3 60.Bxe3 Bb3 61.Kd6 Ba2 62.Ke7 Bb3 63.f7 Bxf7 1/2-1/2

[Event "2. Bundesliga West 2010/11"]
[Site "Absam"]
[Date "2010.11.27"]
[Round "5"]
[Board "5"]
[White "De, Francesco Klaus"]
[Black "Bezler, Rainer"]
[Result "1/2-1/2"]
[WhiteElo "2290"]
[BlackElo "2269"]
[PlyCount "69"]
[EventDate "2010.10.15"]
[EventType "team"]
[EventRounds "11"]
[EventCountry "AUT"]
[WhiteTeam "SC Absam"]
[BlackTeam "Bregenz"]

1.d4 d5 2.c4 c6 3.Nf3 Nf6 4.e3 Bf5 5.Nc3 e6 6.Nh4 Bg6 7.Qb3 Qb6 8.Nxg6 hxg6
9.Bd2 Nbd7 10.g3 Be7 11.Qc2 O-O 12.cxd5 exd5 13.Bg2 Qa6 14.Bf1 Qb6 15.Be2 Rfe8
16.O-O Bf8 17.a3 a5 18.Rfc1 Qd8 19.Be1 Qe7 20.Rab1 Qd8 21.b4 axb4 22.axb4 b5
23.Nd1 Re6 24.Ra1 Nb6 25.Nb2 Nc4 26.Nd3 Ne4 27.Qd1 Re8 28.Rxa8 Qxa8 29.Ra1 Qb7
30.Ra2 Bd6 31.Qa1 Bb8 32.Ra8 Nb6 33.Ra2 Nc4 34.Ra8 Nb6 35.Ra2 1/2-1/2

[Event "2. Bundesliga West 2010/11"]
[Site "Absam"]
[Date "2010.11.27"]
[Round "5"]
[Board "6"]
[White "Matt, Fabian"]
[Black "Duer, Werner"]
[Result "1/2-1/2"]
[WhiteElo "2053"]
[BlackElo "2262"]
[PlyCount "78"]
[EventDate "2010.10.15"]
[EventType "team"]
[EventRounds "11"]
[EventCountry "AUT"]
[WhiteTeam "Bregenz"]
[BlackTeam "SC Absam"]

1.e4 c6 2.d4 d5 3.Nc3 dxe4 4.Nxe4 Nd7 5.Ng5 Ngf6 6.Bd3 e6 7.N1f3 Bd6 8.Qe2 h6
9.Nh3 Qc7 10.c4 b6 11.Bd2 g5 12.Ne5 Nxe5 13.dxe5 Bxe5 14.O-O-O Bb7 15.f4 gxf4
16.Rhf1 O-O-O 17.Nxf4 Rd7 18.Bc2 c5 19.Nd3 Ne4 20.Nxe5 Qxe5 21.Bf4 Rxd1+ 22.Qxd1
Qd4 23.Qxd4 cxd4 24.Bxe4 Bxe4 25.Be5 Rh7 26.Bxd4 f5 27.Rf2 Rd7 28.Be5 h5 29.g3
b5 30.cxb5 Rd5 31.Bc3 Rxb5 32.Rd2 Bd5 33.a3 Rc5 34.Re2 Rc4 35.Re3 h4 36.Kd2 hxg3
37.hxg3 Kb7 38.Be5 Rc8 39.Rc3 Rxc3 1/2-1/2

[Event "2. Bundesliga West 2010/11"]
[Site "Absam"]
[Date "2010.11.27"]
[Round "5"]
[Board "1"]
[White "Bertagnolli, Alexander"]
[Black "Eisenbeiser, Amadeus"]
[Result "1/2-1/2"]
[WhiteElo "2395"]
[BlackElo "2397"]
[PlyCount "56"]
[EventDate "2010.10.15"]
[EventType "team"]
[EventRounds "11"]
[EventCountry "AUT"]
[WhiteTeam "Rochade Rum"]
[BlackTeam "Goetzis"]

1.b3 e5 2.Bb2 Nc6 3.Nf3 e4 4.Nd4 Nxd4 5.Bxd4 d5 6.d3 exd3 7.Qxd3 a6 8.g3 Be6
9.Bg2 Nf6 10.Nd2 Be7 11.O-O O-O 12.e4 c5 13.Bxf6 Bxf6 14.exd5 Bxa1 15.Rxa1 Bd7
16.Rd1 Bg4 17.f3 Bd7 18.h3 b5 19.c4 Rb8 20.f4 Re8 21.Nf3 bxc4 22.bxc4 f6 23.Rd2
Qb6 24.Kf2 Qb1 25.Qa3 Qb4 26.Qd3 Qb1 27.Qa3 Qb4 28.Qd3 Qb1 1/2-1/2

[Event "2. Bundesliga West 2010/11"]
[Site "Absam"]
[Date "2010.11.27"]
[Round "5"]
[Board "2"]
[White "Schloetzer, Waldemar"]
[Black "Gatterer, Florian"]
[Result "1-0"]
[WhiteElo "2282"]
[BlackElo "2306"]
[PlyCount "131"]
[EventDate "2010.10.15"]
[EventType "team"]
[EventRounds "11"]
[EventCountry "AUT"]
[WhiteTeam "Goetzis"]
[BlackTeam "Rochade Rum"]

1.d4 d5 2.c4 c6 3.Nf3 Nf6 4.e3 Bg4 5.Qb3 Qb6 6.Nc3 e6 7.Nh4 Bh5 8.h3 g5 9.Nf3 h6
10.c5 Qc7 11.Ne5 Nfd7 12.Nxd7 Nxd7 13.Bd3 Rg8 14.Qa4 Bg6 15.Bxg6 Rxg6 16.b4 g4
17.b5 gxh3 18.gxh3 e5 19.Rb1 exd4 20.exd4 Bg7 21.Ne2 Rf6 22.Rb3 Kf8 23.Rg3 Re8
24.Rhg1 Rg6 25.Rxg6 fxg6 26.Rxg6 Kf7 27.Rg4 Nf6 28.Rf4 Re4 29.Qxa7 cxb5 30.Rxe4
Nxe4 31.Bf4 Qd7 32.Qa3 Kg8 33.Qe3 Kh7 34.f3 Nf6 35.Qd3+ Kh8 36.h4 b4 37.Qg6 Ng8
38.h5 Qa4 39.Qb1 Ne7 40.Bd6 Ng8 41.f4 Nf6 42.Be5 Ne4 43.f5 Bxe5 44.dxe5 Nc3
45.Qb3 Qa5 46.a3 Nxe2 47.axb4 Qb5 48.Qxd5 Nc3 49.Qd8+ Kh7 50.Qe7+ Kg8 51.Qe6+
Kh7 52.Qg6+ Kh8 53.Qxh6+ Kg8 54.Qg5+ Kh8 55.Qg4 Qd3 56.f6 Qe3+ 57.Kf1 Qc1+
58.Kg2 Qd2+ 59.Kh3 Qe3+ 60.Qg3 Qh6 61.Qxc3 Qxh5+ 62.Kg2 Qg4+ 63.Qg3 Qe2+ 64.Kh3
Qf1+ 65.Kh4 Qc4+ 66.Qg4 1-0

[Event "2. Bundesliga West 2010/11"]
[Site "Absam"]
[Date "2010.11.27"]
[Round "5"]
[Board "3"]
[White "Eybl, Alexander"]
[Black "Krassowizkij, Jaroslaw"]
[Result "1/2-1/2"]
[WhiteElo "2278"]
[BlackElo "2244"]
[PlyCount "68"]
[EventDate "2010.10.15"]
[EventType "team"]
[EventRounds "11"]
[EventCountry "AUT"]
[WhiteTeam "Rochade Rum"]
[BlackTeam "Goetzis"]

1.d4 Nf6 2.Bg5 e6 3.e3 c5 4.c3 b6 5.Nd2 Bb7 6.f4 h6 7.Bxf6 Qxf6 8.Qg4 cxd4
9.exd4 Bd6 10.Nh3 Bc7 11.Bd3 Nc6 12.O-O g6 13.d5 exd5 14.Rae1+ Ne7 15.Qe2 Bd6
16.f5 g5 17.Nf2 h5 18.Ba6 O-O-O 19.Nfe4 dxe4 20.Nxe4 Bxh2+ 21.Kxh2 Qe5+ 22.Kh1
Nc6 23.Nxg5 Qf6 24.Ne4 Qh4+ 25.Kg1 d5 26.Nd2 Bxa6 27.Qxa6+ Kb8 28.Qe2 Rhg8
29.Nf3 Qg3 30.Ne5 Kb7 31.Nxc6 Kxc6 32.Rf3 Qg4 33.Rf2 Qxe2 34.Rexe2 Rde8 1/2-1/2

[Event "2. Bundesliga West 2010/11"]
[Site "Absam"]
[Date "2010.11.27"]
[Round "5"]
[Board "4"]
[White "Schmidlechner, Alexander"]
[Black "Hengl, Christian"]
[Result "0-1"]
[WhiteElo "2170"]
[BlackElo "2193"]
[PlyCount "126"]
[EventDate "2010.10.15"]
[EventType "team"]
[EventRounds "11"]
[EventCountry "AUT"]
[WhiteTeam "Goetzis"]
[BlackTeam "Rochade Rum"]

1.d4 d5 2.c4 c6 3.Nf3 Nf6 4.Nc3 a6 5.c5 Bf5 6.Bf4 Nbd7 7.e3 Nh5 8.Be5 f6 9.Bg3
e5 10.Nh4 Bg6 11.Qb3 Qc7 12.Be2 Nxg3 13.hxg3 Bf7 14.O-O-O g6 15.Na4 Be7 16.Nf3
O-O 17.Rh2 Kg7 18.Rdh1 Rh8 19.Qc3 g5 20.Nd2 Bg6 21.Nb3 Rae8 22.Bh5 Bd8 23.g4 Qb8
24.Bxg6 hxg6 25.Rxh8 Rxh8 26.Rxh8 Kxh8 27.Qe1 e4 28.Qh1+ Kg7 29.Qh3 Bc7 30.f3
Qe8 31.Kd2 Qe6 32.Nc3 f5 33.gxf5 gxf5 34.Qh5 Qg6 35.Qh3 Nf6 36.fxe4 dxe4 37.Ke2
f4 38.Nd2 g4 39.Qh4 f3+ 40.gxf3 exf3+ 41.Nxf3 gxf3+ 42.Kxf3 Qc2 43.Qg4+ Kf7
44.Qg2 Qd3 45.Qh3 Ba5 46.Qc8 Qf1+ 47.Kg3 Qe1+ 48.Kf3 Qh1+ 49.Kg3 Bxc3 50.Qxb7+
Kg6 51.bxc3 Ne4+ 52.Kf4 Nxc3 53.Qxa6 Qe4+ 54.Kg3 Qxe3+ 55.Kg2 Qe4+ 56.Kh2 Nb5
57.Qc8 Nxd4 58.Qg8+ Kf6 59.Qf8+ Kg5 60.Qg7+ Kf5 61.Qf7+ Kg4 62.Qg7+ Kf3 63.Qg2+
Ke3 0-1

[Event "2. Bundesliga West 2010/11"]
[Site "Absam"]
[Date "2010.11.27"]
[Round "5"]
[Board "5"]
[White "Paltrinieri , Nicholas "]
[Black "Scheffknecht, Philipp"]
[Result "1/2-1/2"]
[WhiteElo "2045"]
[BlackElo "2118"]
[PlyCount "70"]
[EventDate "2010.10.15"]
[EventType "team"]
[EventRounds "11"]
[EventCountry "AUT"]
[WhiteTeam "Rochade Rum"]
[BlackTeam "Goetzis"]

1.f4 d5 2.Nf3 g6 3.g3 Bg7 4.Bg2 c5 5.O-O Nc6 6.d3 Nf6 7.c3 O-O 8.Na3 b6 9.Qc2
Bf5 10.Nh4 Bd7 11.e4 dxe4 12.dxe4 e5 13.f5 Ne7 14.Nc4 Ne8 15.f6 Nxf6 16.Bg5 Bb5
17.Rad1 Qc7 18.Qb3 Bxc4 19.Qxc4 Ne8 20.Bh3 Nd6 21.Qe2 h6 22.Rxd6 Qxd6 23.Rd1
Qxd1+ 24.Qxd1 hxg5 25.Nf3 Rad8 26.Qc2 Bf6 27.g4 Rd7 28.Bf1 Rfd8 29.Kf2 Kg7
30.Bb5 Rc7 31.h4 Kf8 32.hxg5 Bg7 33.Qb3 Nc8 34.Ke3 Nd6 35.Be2 Rcd7 1/2-1/2

[Event "2. Bundesliga West 2010/11"]
[Site "Absam"]
[Date "2010.11.27"]
[Round "5"]
[Board "6"]
[White "Flatz, Lothar"]
[Black "Mikulic, Oliver"]
[Result "0-1"]
[WhiteElo "2143"]
[BlackElo "2062"]
[PlyCount "80"]
[EventDate "2010.10.15"]
[EventType "team"]
[EventRounds "11"]
[EventCountry "AUT"]
[WhiteTeam "Goetzis"]
[BlackTeam "Rochade Rum"]

1.Nf3 d5 2.g3 Nc6 3.Bg2 e5 4.d3 Bc5 5.O-O f6 6.Nbd2 Nge7 7.c3 Bg4 8.b4 Bb6 9.a4
a6 10.h3 Be6 11.Ba3 Qd7 12.Kh2 Nd8 13.Qc2 g5 14.c4 c6 15.b5 Nf5 16.c5 Bc7 17.e4
Ne7 18.d4 Nf7 19.Bb2 h5 20.dxe5 h4 21.g4 Bxg4 22.Ng1 Nxe5 23.Kh1 Be6 24.f4 gxf4
25.Rxf4 Nc4 26.Nxc4 Bxf4 27.Nb6 Qd8 28.Bxf6 O-O 29.e5 Rxf6 30.exf6 Nf5 31.Ne2
Qxf6 32.Nxf4 Qxa1+ 33.Kh2 Qe5 34.Nxa8 Qxf4+ 35.Kg1 Qd4+ 36.Qf2 Qa1+ 37.Kh2 Qe5+
38.Kg1 axb5 39.axb5 Qa1+ 40.Kh2 Qxa8 0-1

[Event "2. Bundesliga West 2010/11"]
[Site "Absam"]
[Date "2010.11.27"]
[Round "5"]
[Board "1"]
[White "Novkovic, Milan"]
[Black "Medvegy, Zoltan"]
[Result "1/2-1/2"]
[WhiteElo "2386"]
[BlackElo "2522"]
[PlyCount "88"]
[EventDate "2010.10.15"]
[EventType "team"]
[EventRounds "11"]
[EventCountry "AUT"]
[WhiteTeam "Dornbirn"]
[BlackTeam "ATSV Ranshofen"]

1.d4 g6 2.e4 Bg7 3.Nf3 d6 4.Bc4 Nf6 5.Qe2 c6 6.Bb3 e5 7.dxe5 dxe5 8.Nbd2 Nh5
9.Nc4 Qc7 10.Qd3 Ke7 11.Be3 Na6 12.O-O-O Bg4 13.Qd6+ Qxd6 14.Nxd6 b6 15.Nxf7
Bxf3 16.gxf3 Rhf8 17.Bg5+ Bf6 18.Bxf6+ Nxf6 19.Nxe5 Rac8 20.Rd4 Nc5 21.Rhd1 Rc7
22.Bc4 Ncd7 23.Nxd7 Rxd7 24.Rxd7+ Nxd7 25.Be2 Rf4 26.Kd2 Ne5 27.Ke3 g5 28.Rg1 h6
29.Rg3 Rh4 30.Bf1 Ng6 31.Rh3 Rxh3 32.Bxh3 Nf4 33.Bf5 Kd6 34.Kd4 Ne2+ 35.Kc4 Ke5
36.Bd7 Ng1 37.Bg4 Ne2 38.Bd7 Nd4 39.Bg4 Nxc2 40.a4 Nd4 41.b4 Ne2 42.Bd7 Nd4
43.Bg4 Ne2 44.Bd7 Nd4 1/2-1/2

[Event "2. Bundesliga West 2010/11"]
[Site "Absam"]
[Date "2010.11.27"]
[Round "5"]
[Board "2"]
[White "Menacher, Manfred"]
[Black "Klocker, Benedikt"]
[Result "1-0"]
[WhiteElo "2290"]
[BlackElo "2211"]
[PlyCount "75"]
[EventDate "2010.10.15"]
[EventType "team"]
[EventRounds "11"]
[EventCountry "AUT"]
[WhiteTeam "ATSV Ranshofen"]
[BlackTeam "Dornbirn"]

1.Nf3 Nf6 2.d4 g6 3.g3 Bg7 4.Bg2 O-O 5.O-O d6 6.c4 c5 7.Nc3 Nc6 8.d5 Na5 9.Nd2
Rb8 10.Qc2 a6 11.b3 b5 12.Bb2 Nd7 13.Rab1 bxc4 14.bxc4 Ne5 15.Nd1 e6 16.f4 Nd7
17.Bxg7 Kxg7 18.Rxb8 Nxb8 19.Qc3+ f6 20.e4 Nb7 21.Ne3 exd5 22.cxd5 Nd7 23.Rb1
Re8 24.Ndc4 Qc7 25.Qa3 Nd8 26.Kf2 Re7 27.Qa4 Nf7 28.Na5 f5 29.Nc6 Re8 30.Qc2 Nf6
31.Qc3 Bd7 32.h3 Nd8 33.Nxd8 Qxd8 34.e5 dxe5 35.fxe5 Bb5 36.exf6+ Qxf6 37.Qxf6+
Kxf6 38.Bf1 1-0

[Event "2. Bundesliga West 2010/11"]
[Site "Absam"]
[Date "2010.11.27"]
[Round "5"]
[Board "3"]
[White "Novkovic, Julia"]
[Black "Dovzik, Juri"]
[Result "1/2-1/2"]
[WhiteElo "2157"]
[BlackElo "2381"]
[PlyCount "62"]
[EventDate "2010.10.15"]
[EventType "team"]
[EventRounds "11"]
[EventCountry "AUT"]
[WhiteTeam "Dornbirn"]
[BlackTeam "ATSV Ranshofen"]

1.e4 c5 2.Nf3 e6 3.d4 cxd4 4.Nxd4 a6 5.Nc3 b5 6.Bd3 Qb6 7.Nb3 Qc7 8.Be3 Bb7
9.Qd2 Nf6 10.f3 d6 11.O-O-O Nbd7 12.Kb1 Be7 13.Bxb5 axb5 14.Nxb5 Qb8 15.Nxd6+
Bxd6 16.Qxd6 Qxd6 17.Rxd6 Ke7 18.Rhd1 Rhc8 19.Bg5 Rc7 20.R1d4 h6 21.Bh4 e5
22.Rd1 Ra6 23.R6d2 Nf8 24.Bg3 N6d7 25.Nd4 g6 26.b3 Rc5 27.Ne2 Rc7 28.c4 Ne6
29.Nc3 Nef8 30.Nb5 Rcc6 31.Kb2 f6 1/2-1/2

[Event "2. Bundesliga West 2010/11"]
[Site "Absam"]
[Date "2010.11.27"]
[Round "5"]
[Board "4"]
[White "Sadilek, Peter"]
[Black "Karrer, Damian"]
[Result "0-1"]
[WhiteElo "2213"]
[BlackElo "2194"]
[PlyCount "102"]
[EventDate "2010.10.15"]
[EventType "team"]
[EventRounds "11"]
[EventCountry "AUT"]
[WhiteTeam "ATSV Ranshofen"]
[BlackTeam "Dornbirn"]

1.d4 d5 2.c4 c6 3.Nf3 Nf6 4.e3 g6 5.Nc3 Bg7 6.Bd3 O-O 7.O-O dxc4 8.Bxc4 Bg4 9.h3
Bxf3 10.Qxf3 Nbd7 11.Rd1 e5 12.Bb3 Qe7 13.dxe5 Nxe5 14.Qe2 Rad8 15.e4 Rxd1+
16.Bxd1 Rd8 17.Bb3 Nd3 18.Bc2 Nxc1 19.Rxc1 Nh5 20.Bb3 Nf4 21.Qf3 Be5 22.Rd1
Rxd1+ 23.Bxd1 Qd6 24.Bb3 Qd3 25.Qg4 Kg7 26.g3 h5 27.Qd1 Qxd1+ 28.Nxd1 Nd3 29.Bc4
Nc5 30.f3 Bxg3 31.Kg2 Be5 32.b4 Ne6 33.b5 Bd4 34.bxc6 bxc6 35.a4 h4 36.Bxe6 fxe6
37.f4 g5 38.Kf3 gxf4 39.Kxf4 e5+ 40.Kg4 c5 41.Kxh4 c4 42.Kg5 c3 43.Nxc3 Bxc3
44.h4 Bd4 45.h5 Be3+ 46.Kf5 Bd4 47.Kg5 Be3+ 48.Kf5 Bf4 49.Kg4 Kf6 50.Kh4 Ke6
51.Kg4 a5 0-1

[Event "2. Bundesliga West 2010/11"]
[Site "Absam"]
[Date "2010.11.27"]
[Round "5"]
[Board "5"]
[White "Natter, Markus"]
[Black "Ager, Josef"]
[Result "1-0"]
[WhiteElo "2117"]
[BlackElo "2213"]
[PlyCount "61"]
[EventDate "2010.10.15"]
[EventType "team"]
[EventRounds "11"]
[EventCountry "AUT"]
[WhiteTeam "Dornbirn"]
[BlackTeam "ATSV Ranshofen"]

1.d4 Nf6 2.Bg5 c5 3.Bxf6 gxf6 4.d5 f5 5.c3 d6 6.g3 Nd7 7.Bg2 Bh6 8.e3 Nf6 9.Nd2
Bd7 10.a4 O-O 11.Nc4 b5 12.axb5 Bxb5 13.Na5 Rb8 14.Ne2 e6 15.c4 Bd7 16.Ra2 Qc7
17.O-O Ne4 18.Qc2 Bg7 19.Nf4 Bxb2 20.Rxb2 Qxa5 21.Ra2 Qc7 22.Rfa1 Rb7 23.Nh5 h6
24.h4 Kh7 25.f3 Nxg3 26.Nxg3 Qd8 27.Rxa7 Rxa7 28.Rxa7 Qxh4 29.Nxf5 exf5 30.Rxd7
Qe1+ 31.Kh2 1-0

[Event "2. Bundesliga West 2010/11"]
[Site "Absam"]
[Date "2010.11.27"]
[Round "5"]
[Board "6"]
[White "Riediger, Martin"]
[Black "Kessler, Luca"]
[Result "1/2-1/2"]
[WhiteElo "2252"]
[BlackElo "2097"]
[PlyCount "59"]
[EventDate "2010.10.15"]
[EventType "team"]
[EventRounds "11"]
[EventCountry "AUT"]
[WhiteTeam "ATSV Ranshofen"]
[BlackTeam "Dornbirn"]

1.c4 c6 2.Nf3 d5 3.e3 Nf6 4.d4 Bf5 5.Bd3 Bxd3 6.Qxd3 e6 7.O-O Bd6 8.Nc3 Nbd7
9.e4 dxe4 10.Nxe4 Nxe4 11.Qxe4 O-O 12.Bg5 Be7 13.Bf4 Nf6 14.Qe2 Qa5 15.h3 Rfd8
16.Rfe1 Qf5 17.Bd2 Qc2 18.Bc3 Qxe2 19.Rxe2 a5 20.a3 a4 21.Kf1 Kf8 22.Rd1 Bd6
23.g3 Bc7 24.Rc1 Ba5 25.Ke1 Ra6 26.Re5 Bc7 27.Re2 Ba5 28.Re5 Bc7 29.Re3 Bd6
30.Re5 1/2-1/2

[Event "2. Bundesliga West 2010/11"]
[Site "Absam"]
[Date "2010.11.27"]
[Round "5"]
[Board "1"]
[White "Bezold, Michael"]
[Black "Krstic, Uros"]
[Result "1-0"]
[WhiteElo "2525"]
[BlackElo "2410"]
[PlyCount "101"]
[EventDate "2010.10.15"]
[EventType "team"]
[EventRounds "11"]
[EventCountry "AUT"]
[WhiteTeam "Hohenems II"]
[BlackTeam "Schwarzach"]

1.b3 d6 2.Bb2 e5 3.g3 f5 4.Bg2 Nf6 5.c4 Be7 6.e3 c6 7.Ne2 Na6 8.d3 O-O 9.O-O Qe8
10.Qd2 Bd8 11.Nbc3 Bd7 12.Rae1 Bb6 13.Ba3 Bc5 14.Bxc5 dxc5 15.d4 Rd8 16.dxe5 Bc8
17.Qc1 Qxe5 18.Rd1 Nb4 19.Rxd8 Rxd8 20.Rd1 Qe7 21.Rxd8+ Qxd8 22.a3 Nd3 23.Qd2
Qd7 24.f4 Ne5 25.Qxd7 Nexd7 26.Nc1 Kf8 27.Nd3 Ke7 28.Bf3 Kd6 29.Nf2 b6 30.h3 Nf8
31.g4 Kc7 32.Kg2 a6 33.a4 Bd7 34.Kg3 Ng8 35.Nd3 Ne7 36.a5 bxa5 37.Nxc5 Ne6
38.N3a4 Nxc5 39.Nxc5 Bc8 40.e4 Kd6 41.Nd3 fxe4 42.Bxe4 g6 43.Kh4 h6 44.c5+ Ke6
45.Nb2 Kf6 46.Nc4 Nd5 47.Bxd5 cxd5 48.Nxa5 d4 49.Kg3 Ke6 50.Nc6 Bd7 51.Nd8+ 1-0

[Event "2. Bundesliga West 2010/11"]
[Site "Absam"]
[Date "2010.11.27"]
[Round "5"]
[Board "2"]
[White "Brumen, Dinko"]
[Black "Atlas, Valery"]
[Result "1/2-1/2"]
[WhiteElo "2359"]
[BlackElo "2440"]
[PlyCount "109"]
[EventDate "2010.10.15"]
[EventType "team"]
[EventRounds "11"]
[EventCountry "AUT"]
[WhiteTeam "Schwarzach"]
[BlackTeam "Hohenems II"]

1.d4 Nf6 2.Bg5 e6 3.e4 h6 4.Bxf6 Qxf6 5.Nc3 Qd8 6.f4 d5 7.Bd3 Nc6 8.Nf3 Nb4
9.exd5 exd5 10.O-O Be7 11.Ne5 O-O 12.Ne2 a5 13.Ng3 Nxd3 14.Qxd3 Ra6 15.Rae1 Rb6
16.b3 c5 17.dxc5 Bxc5+ 18.Kh1 d4 19.Qc4 Bb4 20.Rd1 Be6 21.Qxd4 Rd6 22.Qa1 Rxd1
23.Rxd1 Qc7 24.c4 Rd8 25.h3 f6 26.Rxd8+ Qxd8 27.Nf3 Qd3 28.Kh2 Bc3 29.Qg1 Bd7
30.Qf2 a4 31.Qe2 Qxe2 32.Nxe2 Bb4 33.Nfd4 g5 34.Kg3 Kf7 35.h4 Bc5 36.hxg5 hxg5
37.fxg5 fxg5 38.Kf3 axb3 39.axb3 Kf6 40.Ke4 Bb4 41.Nc1 Be8 42.Nd3 Bg6+ 43.Ke3
Bf8 44.Ne2 Bxd3 45.Kxd3 Ke5 46.Nc3 g4 47.Nd5 b5 48.g3 bxc4+ 49.bxc4 Bd6 50.Ne3
Kf6 51.Nf1 Ke5 52.Nd2 Bc7 53.Ne4 Bb8 54.Ke3 Bc7 55.c5 1/2-1/2

[Event "2. Bundesliga West 2010/11"]
[Site "Absam"]
[Date "2010.11.27"]
[Round "5"]
[Board "3"]
[White "Baldauf, Marco"]
[Black "Hecht, Hans-Joachim"]
[Result "0-1"]
[WhiteElo "2363"]
[BlackElo "2374"]
[PlyCount "86"]
[EventDate "2010.10.15"]
[EventType "team"]
[EventRounds "11"]
[EventCountry "AUT"]
[WhiteTeam "Hohenems II"]
[BlackTeam "Schwarzach"]

1.Nf3 e6 2.c4 b6 3.g3 Bb7 4.Bg2 Nf6 5.O-O Be7 6.d4 O-O 7.Re1 d5 8.cxd5 exd5
9.Nc3 Na6 10.Bf4 c5 11.Rc1 Ne4 12.dxc5 Naxc5 13.Nb5 Ne6 14.Be5 Bc5 15.Rf1 Qe7
16.Nbd4 Nxd4 17.Bxd4 Rfe8 18.Rc2 Rac8 19.Qd3 Bxd4 20.Nxd4 Rxc2 21.Qxc2 Rc8
22.Qa4 a6 23.Rd1 g6 24.Qb3 b5 25.h4 Qf6 26.Qe3 Kg7 27.Qf4 h5 28.Bf3 b4 29.Kf1 a5
30.Ke1 a4 31.Qxf6+ Kxf6 32.Bxe4 dxe4 33.Kd2 Bd5 34.Rc1 Rxc1 35.Kxc1 Bxa2 36.Nc6
Bc4 37.Nxb4 Bxe2 38.Nd5+ Kf5 39.Nc3 e3 40.fxe3 Bc4 41.Nxa4 Kg4 42.Nc3 Kxg3
43.Kd2 Kxh4 0-1